| 000 | 00353nam a2200133Ia 4500 | ||
|---|---|---|---|
| 005 | 20251222154310.0 | ||
| 008 | 251222s9999||||xx |||||||||||||| ||spa|| | ||
| 020 | _a8485167848 | ||
| 082 | _a248.2/D75 | ||
| 100 | _aDíez Presa, Macario | ||
| 245 | 0 | _aAntropología de la Vida Religiosa | |
| 264 | _bInstituto Teológico de Vida Religiosa | ||
| 942 | _cLIB | ||
| 999 |
_c33351 _d33351 |
||